Applied thermodynamics for engineering technologists (Record no. 10734)

000 -LEADER
fixed length control field 00547nam a2200205u 4500
001 - CONTROL NUMBER
control field 10734
003 - CONTROL NUMBER IDENTIFIER
control field BD-DhUET
008 - FIXED-LENGTH DATA ELEMENTS--GENERAL INFORMATION
fixed length control field 810312q1963 enk 000 0 eng
040 ## - CATALOGING SOURCE
Original cataloging agency DLC
Transcribing agency DLC
Modifying agency BD-DhUET
082 ## - DEWEY DECIMAL CLASSIFICATION NUMBER
Classification number 621.01
Item number EAS/1963
100 ## - MAIN ENTRY--PERSONAL NAME
Personal name Eastop, T. D.
245 10 - TITLE STATEMENT
Title Applied thermodynamics for engineering technologists
250 ## - EDITION STATEMENT
Edition statement 1st ed.
260 ## - PUBLICATION, DISTRIBUTION, ETC. (IMPRINT)
Place of publication, distribution, etc. London
Name of publisher, distributor, etc. Longmans
Date of publication, distribution, etc. 1963
300 ## - PHYSICAL DESCRIPTION
Extent xi, 788p.
Other physical details ill.
504 ## - BIBLIOGRAPHY, ETC. NOTE
Bibliography, etc Includes bibliographies
650 #0 - SUBJECT ADDED ENTRY--TOPICAL TERM
Topical term or geographic name as entry element Thermodynamics, Engineering
700 ## - ADDED ENTRY--PERSONAL NAME
Personal name McConkey, A.
942 ## - ADDED ENTRY ELEMENTS (KOHA)
Koha item type General Book
Holdings
Not for loan Sublocation or collection (holding branch) Koha full call number Koha item type Piece designation (barcode) Damaged status Date acquired Location (home branch) Copy number Koha issues (times borrowed) Lost status Koha date last seen Shelving location Source of classification or shelving scheme Withdrawn status Koha normalized classification for sorting Koha date last borrowed Price effective from
 Central Library, BUET621.01/EAS/1963General Book23814 2015-02-09Central Library, BUET1  2015-02-09Circulation section  621_010000000000000_EAS_1963 2015-02-09
 Central Library, BUET621.01/EAS/1963General Book3742 2015-04-16Central Library, BUET21 2024-10-19Circulation section  621_010000000000000_EAS_19632024-09-172015-04-16
 Central Library, BUET621.01/EAS/1963General Book18258 2015-04-27Central Library, BUET3  2015-04-27Circulation section  621_010000000000000_EAS_1963 2015-04-27
 Central Library, BUET621.01/EAS/1963Reading Item18256 2015-06-16Central Library, BUET4  2015-06-16Reading section  621_010000000000000_EAS_1963 2015-06-16